000
00300 a2200109 4500
001
ART_15816
005
20260410161736.0
008
260409a
245
1
0
_a
SOCMA y el país
100
1
_a
Areosa, Mario
773
0
_t
Ejecutivos de finanzas
_g
- Año 7, Nº 59 (sep. 1989)
_w
REV2863
999
_c
18278
_d
18278